Central Library OPAC University of Rajshahi

Water development and water planning in the Southwestern United States / (Record no. 43714)

MARC details
000 -LEADER
fixed length control field 00998nam a2200277 a 4500
001 - CONTROL NUMBER
control field 43714
003 - CONTROL NUMBER IDENTIFIER
rucl marc code BD-RjUL
005 - DATE AND TIME OF LATEST TRANSACTION
control field 20211209053737.0
008 - FIXED-LENGTH DATA ELEMENTS--GENERAL INFORMATION
fixed length control field 160625s1969 dk ab b 000 0 eng
035 ## - SYSTEM CONTROL NUMBER
System control number (BD-RjUL)43832
040 ## - CATALOGING SOURCE
Original cataloging agency DLC
Transcribing agency DLC
Modifying agency BD-RjUL
Language of cataloging eng
041 ## - LANGUAGE CODE
Language code of text/sound track or separate title eng
082 00 - DEWEY DECIMAL CLASSIFICATION NUMBER
Classification number 356
Edition number 23
Author mark and year HUW 1969
100 1# - MAIN ENTRY--PERSONAL NAME
Personal name Humlum, Johannes
Dates associated with a name 1911-
9 (RLIN) 134335
245 10 - TITLE STATEMENT
Title Water development and water planning in the Southwestern United States /
Statement of responsibility, etc. By J. Humlum
260 ## - PUBLICATION, DISTRIBUTION, ETC. (IMPRINT)
Place of publication, distribution, etc. Århus :
Name of publisher, distributor, etc. Aarhus Universitet, Kulturgeografisk Institut, (Munksgaard),
Date of publication, distribution, etc. 1969
300 ## - PHYSICAL DESCRIPTION
Pagination 240 p. :
Illustrations ill. ;
Size 28 cm.
504 ## - BIBLIOGRAPHY, ETC. NOTE
Bibliography, etc Bibliography: p. [224]-232.
650 #0 - SUBJECT ADDED ENTRY--TOPICAL TERM
Topical term or geographic name as entry element Water resources development
General subdivision Planning
Geographic subdivision California.
9 (RLIN) 134336
Topical term or geographic name as entry element Water-supply
Geographic subdivision California.
9 (RLIN) 134337
Topical term or geographic name as entry element Water resources development
General subdivision Planning
Geographic subdivision Arizona.
9 (RLIN) 134338
Topical term or geographic name as entry element Water-supply
Geographic subdivision Arizona.
9 (RLIN) 134339
710 2# - ADDED ENTRY--CORPORATE NAME
Corporate name or jurisdiction name as entry element Aarhus universitet.
Subordinate unit Kulturgeografisk institut.
9 (RLIN) 134340
942 ## - ADDED ENTRY ELEMENTS (KOHA)
Source of classification or shelving scheme Dewey Decimal Classification
Koha item type Books
Holdings
Lost status Source of classification or shelving scheme Damaged status Not for loan Collection code Permanent Location Current Location Shelving location Date acquired Source of acquisition Total Checkouts Full call number Date last seen Copy number Koha item type
  Dewey Decimal Classification     Non-fiction Central Library, University of Rajshahi Central Library, University of Rajshahi   19/09/1970 Zeithlinger   363.6109791 HUW 1969 26/06/2016 C-2 Books